000 01212nam a22003257a 4500
003 DO-SdBNP
005 20231102145410.0
007 ta
008 231101b2019 dr ||||| |||| 00| 0 dr d
020 _a9789945804638
040 _aDO-SdBNP
_bspa
_cBNPHU
_erda
082 4 _a334
_bF962L
_222
100 1 _aFulcar Encarnación, Julito,
_eautor
_984556
_d1966-
245 1 0 _aLa vía cooperativa :
_bpilares de un movimiento social transformador /
_cJulito Fulcar Encarnación ; prólogo Félix Cristiá ; presentación, José Rafael Sosa
264 _aSanto Domingo :
_bFotoMegraf,
_c2019.
300 _a277 páginas ;
_c22 cm.
336 _2rdacontent
_atexto
_btxt
337 _2rdamedia
_asin mediación
_bn
338 _2rdacarrier
_avolumen
_bnc
500 _aIncluye datos biográficos del autor en la solapa de la cubierta
534 _aBibliografía : p. 278-282
590 _aInventariado, 2023/BT
650 4 _aCooperativismo
_98303
650 4 _aCooperativas
_99309
650 4 _aCooperativas
_zRepública Dominicana
_96532
700 _aCristiá, Félix,
_eprólogo
_984557
700 1 _aSosa, José Rafael,
_epresentación
910 _aBtavárez/Validado. Control de calidad MFF
942 _2ddc
_cLBS1
999 _c55360
_d55360